000 00676nam a2200205Ia 4500
005 20260121110246.0
008 008 260114s9999 xx 000 0 hin d
020 _a9788132301820
037 _aEBOOK
040 _aCRL
_bhin
_cCRL
041 _ahin
_2hin
084 _qCRL
100 _aरामानन्द यादव / Ramanand Yadav
_9943979
245 0 _aपर्यावरण का समाजशास्त्र / Paryavaran Ka Samajshastra
260 _bभाषा प्रकाशन / Bhasha Prakashan
_c2020
856 _uhttps://bhashaprakashan.com/product-details/377848
942 _cEBOOK
999 _c1535644
_d1535644